000 00585nam a2200241Ia 4500
003 OSt
005 20220924141252.0
006 a|||||r|||| 00| 0
007 ta
008 220923b |||||||| |||| 00| 0 ben d
024 _a297764
037 _cTextual
040 _aARTS
_cARTS
_bben
041 _2ben
_aben
082 _aO157,3N21,45, L3
100 _aKalkut
_9209939
245 0 _aMan chal bane
260 _c1973
300 _a173p.
_ccm.
650 _aBENGALI LITERATURE
942 _hO157,3N21,45, L3
_cTEXL
_2CC
999 _c446797
_d446797